Trouver le joueur NBA / Niveau 1 #2 - Statistiques

Statistiques générales
  • Ce quiz a été pris 460 fois
  • Le résultat moyen est 14 sur 16
Statistiques - réponses
Par images Réponse % Correct
James Harden
98%
Rudy Gobert
98%
Ja Morant
97%
Devin Booker
95%
Chris Paul
94%
Jimmy Butler
94%
Kyrie Irving
94%
Russell Westbrook
94%
Trae Young
94%
Klay Thompson
93%
Draymond Green
91%
Zion Williamson
91%
Jaylen Brown
89%
DeMar DeRozan
87%
Pascal Siakam
82%
Paul George
50%
Aucun quiz correspondant
Distribution des résultats
% des personnes avec chaque résultat
Percentile par nombre de réponses
Votre historique - résultats
Vous n’avez pas pris ce quiz